Culture Générale - Série 245 - Statistiques

Statistiques générales
  • Ce quiz a été pris 289 fois
  • Le résultat moyen est 6 sur 10
Statistiques - réponses
Question Réponse % Correct
Quel pays aujourd'hui divisé en deux fut surnommé "pays du Matin calme" ? La Corée
88%
Combien y a-t-il de "doubles" dans un jeu de dominos classique à 28 pièces ? 7
83%
Quel mot russe désigne un animal préhistorique voisin de l'éléphant ? Mammouth
76%
A la présidence de quel pays Ingrid Bétancourt était-elle candidate ? La Colombie
71%
A qui doit-on l'invention du pistolet à barillet en 1835 ? Samuel Colt
67%
En 1963, que veut emprunter Adamo dans "Vous permettez, Monsieur" ? Votre fille
60%
Quelle spécialité culinaire est associée au nom de Guéméné ? L'andouille
54%
Qui incarne l'épouse de Gary Cooper dans "Le train sifflera trois fois" ? Grace Kelly
25%
Dans quel film Alain Delon porte-t-il le nom de Roch Siffredi ? Borsalino
18%
Qui est l'interprète de "Crazy" en 1990 ? Seal
9%
Aucun quiz correspondant
Distribution des résultats
% des personnes avec chaque résultat
Percentile par nombre de réponses
Votre historique - résultats
Vous n’avez pas pris ce quiz